[Event "31. Abierto Ciudad de Sevilla"]
[Site "Sevilla ESP"]
[Date "2006.01.09"]
[Round "3.17"]
[White "Padilla Gonzalez, Jesus"]
[Black "Fernandez Romero, Ernesto"]
[Result "0-1"]
[WhiteElo "2122"]
[BlackElo "2460"]
[PlyCount "108"]
[EventDate "2006.01.07"]
[EventType "swiss"]
[EventRounds "9"]
[EventCountry "ESP"]
[Source "lmi"]
[SourceDate "2006.01.09"]

1. e4 e6 2. d4 d5 3. e5 c5 4. c3 Qb6 5. Nf3 Nc6 6. Be2 cxd4 7. cxd4 Nh6 8. Nc3
Nf5 9. Na4 Qa5+ 10. Kf1 b5 11. Nc3 b4 12. Nb1 Ba6 13. Be3 f6 14. exf6 gxf6 15.
Nbd2 Nxe3+ 16. fxe3 Bh6 17. Nb3 Qb6 18. Bxa6 Qxa6+ 19. Qe2 Qxe2+ 20. Kxe2 O-O
21. Rac1 Rac8 22. Rc5 Ne7 23. g4 Rxc5 24. Nxc5 Rc8 25. Kd3 e5 26. Nh4 Bf8 27.
Rf1 Rc6 28. Rc1 Kf7 29. Rc2 Ng6 30. Nxg6 hxg6 31. Na4 Rxc2 32. Kxc2 exd4 33.
exd4 Bd6 34. h3 f5 35. gxf5 gxf5 36. Kd3 Kf6 37. Ke3 Kg5 38. Nc5 Kh4 39. Kf3
Kxh3 40. Nd3 Kh4 41. Nf4 Kg5 42. Nxd5 Kg6 43. Ne3 Kf6 44. Nc4 Ke6 45. a3 bxa3
46. bxa3 Bf8 47. a4 Bg7 48. Ke3 Kd5 49. Na5 Bxd4+ 50. Kf4 Bb6 51. Nb3 Ke6 52.
Na1 Ba5 53. Nb3 Bc7+ 54. Kf3 Kd5 0-1

[Event "31. Abierto Ciudad de Sevilla"]
[Site "Sevilla ESP"]
[Date "2006.01.09"]
[Round "3.18"]
[White "Komljenovic, Davor"]
[Black "Hermosin Bustos, Manuel"]
[Result "1-0"]
[WhiteElo "2458"]
[BlackElo "2104"]
[PlyCount "185"]
[EventDate "2006.01.07"]
[EventType "swiss"]
[EventRounds "9"]
[EventCountry "ESP"]
[Source "lmi"]
[SourceDate "2006.01.09"]

1. d4 Nf6 2. c4 e6 3. Nf3 b6 4. g3 Bb7 5. Bg2 Be7 6. O-O O-O 7. Bg5 Ne4 8. Bxe7
Qxe7 9. Nfd2 d5 10. Nc3 Nxc3 11. bxc3 c6 12. a4 Qc7 13. a5 b5 14. c5 f5 15. f4
Ba6 16. Nf3 Bc8 17. Kh1 Na6 18. Ne5 Rb8 19. Qb3 Rf6 20. e3 Bd7 21. Bf3 Be8 22.
g4 Bg6 23. h3 Rc8 24. Rg1 Nb8 25. Qd1 Nd7 26. Nd3 a6 27. Nb4 Nb8 28. Rg3 Qd8
29. Qe1 Rf7 30. Rg2 Qf6 31. Qg3 Kh8 32. Rag1 Rg8 33. Be2 Rb7 34. Bd3 Rd7 35.
Bb1 Rb7 36. Kh2 Rd7 37. Bd3 Rb7 38. Rh1 Rd7 39. Kg1 Rb7 40. Kf2 Qd8 41. Ra1 Qf6
42. Ke2 Ra7 43. Kd2 Rf8 44. Kc2 Rg8 45. Kb2 Rf8 46. Bc2 Rg8 47. Rag1 Re7 48.
Nd3 Nd7 49. Ne1 Rb8 50. Kb3 b4 51. cxb4 Nxc5+ 52. Kc3 Nd7 53. g5 Qf8 54. Nd3
Qf7 55. Rc1 Ree8 56. Ba4 Rec8 57. Rb2 Qe7 58. Kd2 Be8 59. Ke2 Nf8 60. Nc5 Ra8
61. Kf1 Ra7 62. Bd1 Nd7 63. Nd3 Qd6 64. h4 Rac7 65. h5 Ra7 66. Rh2 Rb7 67. h6
g6 68. Qe1 Kg8 69. Be2 Ra7 70. Kg1 Kf8 71. Bf1 Kg8 72. Rb2 Qb8 73. Rbc2 Qd6 74.
Nc5 Nxc5 75. bxc5 Qc7 76. Rb2 Qd8 77. Rb6 Bd7 78. Rcb1 Rca8 79. R1b2 Qc7 80.
Qb4 Kf8 81. Rb8+ Bc8 82. Rb6 Ke8 83. Be2 Bd7 84. Bd1 Kd8 85. Ba4 Kc8 86. Qe1
Kd8 87. Qf1 Ke7 88. Qb1 Kd8 89. Rb7 Rxb7 90. Rxb7 Qc8 91. Qb6+ Ke8 92. Rc7 Qb8
93. Bxc6 1-0

[Event "31. Abierto Ciudad de Sevilla"]
[Site "Sevilla ESP"]
[Date "2006.01.09"]
[Round "3.19"]
[White "Pereira Figueroa, Manuel"]
[Black "Teran Alvarez, Ismael"]
[Result "1/2-1/2"]
[WhiteElo "2113"]
[BlackElo "2446"]
[PlyCount "51"]
[EventDate "2006.01.07"]
[EventType "swiss"]
[EventRounds "9"]
[EventCountry "ESP"]
[Source "lmi"]
[SourceDate "2006.01.09"]

1. d4 Nf6 2. Nf3 c5 3. d5 b5 4. b3 e6 5. dxe6 fxe6 6. e3 Bb7 7. Be2 Be7 8. O-O
a6 9. c4 b4 10. Bb2 O-O 11. Nbd2 Nc6 12. Qc2 Bd6 13. Bd3 Qe7 14. Rad1 Bc7 15.
Ne4 Ng4 16. Ng3 h6 17. Bh7+ Kh8 18. Be4 Rab8 19. Rd2 Nce5 20. Nxe5 Bxe5 21.
Bxe5 Nxe5 22. Bxb7 Rxb7 23. Qe4 Nc6 24. Rfd1 Rc7 25. Nh5 Kg8 26. Nf4 1/2-1/2

[Event "31. Abierto Ciudad de Sevilla"]
[Site "Sevilla ESP"]
[Date "2006.01.09"]
[Round "3.20"]
[White "Del Campo Gomez, Jose Luis"]
[Black "Carrasco Martinez, Juan Manuel"]
[Result "0-1"]
[WhiteElo "2103"]
[BlackElo "2431"]
[PlyCount "78"]
[EventDate "2006.01.07"]
[EventType "swiss"]
[EventRounds "9"]
[EventCountry "ESP"]
[Source "lmi"]
[SourceDate "2006.01.09"]

1. d4 Nf6 2. c4 c5 3. d5 b5 4. cxb5 a6 5. Nc3 axb5 6. e4 b4 7. Nb5 d6 8. Bf4 g5
9. Bxg5 Nxe4 10. Bf4 Nf6 11. Bd3 Bg7 12. Nf3 Nbd7 13. O-O Nb6 14. Re1 Kf8 15.
Rxe7 Nbxd5 16. Re4 Nxe4 17. Bxe4 Nxf4 18. Bxa8 Ba6 19. Qxd6+ Qxd6 20. Nxd6 Bxb2
21. Rb1 Bc3 22. Be4 Ke7 23. Nf5+ Kf6 24. Ne3 Re8 25. Bxh7 Bb7 26. Bc2 Rg8 27.
Nh4 Nh3+ 28. Kh1 Nxf2+ 29. Kg1 Nh3+ 30. Kh1 Kg5 31. Nhf5 Rd8 32. Nc4 Nf4 33.
Nce3 Rd2 34. h4+ Kf6 35. Ng4+ Kg6 36. Nfe3+ Kh5 37. Bd1 Kxh4 38. Bf3 Bxf3 39.
gxf3 Rxa2 0-1

[Event "31. Abierto Ciudad de Sevilla"]
[Site "Sevilla ESP"]
[Date "2006.01.10"]
[Round "4.3"]
[White "Fernandez Romero, Ernesto"]
[Black "Dizdar, Goran"]
[Result "1/2-1/2"]
[WhiteElo "2460"]
[BlackElo "2531"]
[PlyCount "76"]
[EventDate "2006.01.07"]
[EventType "swiss"]
[EventRounds "9"]
[EventCountry "ESP"]
[Source "lmi"]
[SourceDate "2006.01.09"]

1. e4 e6 2. d4 d5 3. Nd2 c5 4. exd5 exd5 5. Bb5+ Bd7 6. Qe2+ Be7 7. dxc5 Nf6 8.
Nb3 O-O 9. Be3 Re8 10. Nf3 a6 11. Bd3 Ba4 12. Nfd4 Nbd7 13. O-O Nxc5 14. c3
Nxd3 15. Qxd3 Bd6 16. h3 Ne4 17. Rfe1 Qf6 18. f3 Ng3 19. Bf2 Bd7 20. Rxe8+ Rxe8
21. Re1 Rxe1+ 22. Bxe1 Qe5 23. Bxg3 Qxg3 24. Kf1 Qg5 25. Qc2 Bg3 26. Nc5 Qe3
27. Nd3 Bh2 28. Nf2 h5 29. Qd3 Qc1+ 30. Nd1 Qa1 31. a3 Be5 32. Qc2 h4 33. Kf2
g6 34. Ke3 Qa2 35. f4 Bf6 36. Kf2 Qc4 37. Qd2 Qc7 38. Ne2 Be6 1/2-1/2

[Event "31. Abierto Ciudad de Sevilla"]
[Site "Sevilla ESP"]
[Date "2006.01.10"]
[Round "4.4"]
[White "Narciso Dublan, Marc"]
[Black "Komljenovic, Davor"]
[Result "1/2-1/2"]
[WhiteElo "2525"]
[BlackElo "2458"]
[PlyCount "118"]
[EventDate "2006.01.07"]
[EventType "swiss"]
[EventRounds "9"]
[EventCountry "ESP"]
[Source "lmi"]
[SourceDate "2006.01.09"]

1. c4 b6 2. d4 Bb7 3. Bg5 f6 4. Bh4 f5 5. Nc3 g6 6. e3 Bg7 7. f3 Nf6 8. Bd3 Nc6
9. Nh3 O-O 10. O-O e5 11. d5 Ne7 12. c5 Kh8 13. d6 Neg8 14. Nb5 cxd6 15. Nxd6
Qc7 16. b4 bxc5 17. bxc5 e4 18. fxe4 Nxe4 19. Bxe4 Bxe4 20. Ng5 Nf6 21. Rc1 Qc6
22. Ngf7+ Kg8 23. Ne5 Qd5 24. Bxf6 Bxf6 25. Nxd7 Bg5 26. Qxd5+ Bxd5 27. Nxf8
Bxe3+ 28. Kh1 Bxc1 29. Nxg6 hxg6 30. Rxc1 Bc6 31. Nc4 Kg7 32. Ne5 Be4 33. c6
Kf6 34. c7 Rc8 35. Rc5 g5 36. Kg1 Ke6 37. Nc4 Bd5 38. Kf2 Bxc4 39. Rxc4 Kd6 40.
g4 f4 41. Kf3 Rxc7 42. Rxc7 Kxc7 43. h4 gxh4 44. Kxf4 Kd6 45. g5 Ke6 46. Kg4
Kf7 47. Kxh4 Kg6 48. Kg4 a5 49. a4 Kg7 50. Kf5 Kf7 51. g6+ Kg7 52. Kg5 Kg8 53.
Kf6 Kf8 54. Ke6 Kg7 55. Kd5 Kxg6 56. Kc6 Kf7 57. Kb5 Ke7 58. Kxa5 Kd7 59. Kb6
Kc8 1/2-1/2

[Event "31. Abierto Ciudad de Sevilla"]
[Site "Sevilla ESP"]
[Date "2006.01.10"]
[Round "4.5"]
[White "Perez Candelario, Manuel"]
[Black "Kononenko, Tatiana"]
[Result "1/2-1/2"]
[WhiteElo "2511"]
[BlackElo "2417"]
[PlyCount "187"]
[EventDate "2006.01.07"]
[EventType "swiss"]
[EventRounds "9"]
[EventCountry "ESP"]
[Source "lmi"]
[SourceDate "2006.01.09"]

1. e4 e6 2. d4 d5 3. Nd2 c5 4. exd5 exd5 5. Ngf3 Nf6 6. Bb5+ Bd7 7. Bxd7+ Nbxd7
8. O-O Be7 9. dxc5 Nxc5 10. Re1 O-O 11. Nf1 a5 12. a4 Re8 13. Be3 Nfe4 14. Nd4
Bf6 15. c3 Rc8 16. Nb5 Ne6 17. Ng3 Nxg3 18. hxg3 Re7 19. Qb3 b6 20. Rad1 Rd7
21. Nd4 Bxd4 22. Bxd4 Rc6 23. Qb5 Nxd4 24. Rxd4 Rcd6 25. c4 Kf8 26. c5 bxc5 27.
Qxc5 Qa8 28. Re5 Qa7 29. Qxa7 Rxa7 30. Rdxd5 Rxd5 31. Rxd5 Rb7 32. Rxa5 Rxb2
33. g4 h6 34. Ra8+ Ke7 35. f3 Ra2 36. Kh2 g5 37. Kg1 Kf6 38. Ra5 Kg6 39. Ra6+
Kg7 40. a5 Kh7 41. Ra8 Kg6 42. a6 Kg7 43. Kf1 Kh7 44. g3 Kg7 45. Ke1 Kh7 46.
Kd1 Ra3 47. a7 Kg7 48. Kc2 Ra2+ 49. Kd3 Kf6 50. f4 Ra1 51. Kd4 Rd1+ 52. Kc5
Rc1+ 53. Kb6 Rb1+ 54. Kc6 Ra1 55. Kb7 Rb1+ 56. Kc6 Ra1 57. Rh8 Rxa7 58. Rxh6+
Kg7 59. Rh5 f6 60. fxg5 Ra3 61. Kd6 Rxg3 62. Ke6 Re3+ 63. Kf5 Rf3+ 64. Ke4 Rg3
65. Kf4 Ra3 66. gxf6+ Kxf6 67. Rh6+ Kg7 68. Rb6 Ra5 69. Kg3 Rg5 70. Kh4 Rg6 71.
Rb5 Ra6 72. Kh5 Rc6 73. Rb7+ Kg8 74. Re7 Ra6 75. Kg5 Rb6 76. Kf5 Rb5+ 77. Kf6
Rb6+ 78. Kf5 Rb5+ 79. Kg6 Rb6+ 80. Kh5 Rb5+ 81. g5 Rb6 82. Ra7 Rc6 83. Ra5 Kg7
84. Ra7+ Kg8 85. g6 Rc1 86. Ra5 Rh1+ 87. Kg5 Rg1+ 88. Kf6 Rf1+ 89. Rf5 Rxf5+
90. Kxf5 Kg7 91. Kg5 Kg8 92. Kf6 Kf8 93. g7+ Kg8 94. Kg6 1/2-1/2

[Event "31. Abierto Ciudad de Sevilla"]
[Site "Sevilla ESP"]
[Date "2006.01.10"]
[Round "4.6"]
[White "Carrasco Martinez, Juan Manuel"]
[Black "Matamoros Franco, Carlos S"]
[Result "1/2-1/2"]
[WhiteElo "2431"]
[BlackElo "2510"]
[PlyCount "38"]
[EventDate "2006.01.07"]
[EventType "swiss"]
[EventRounds "9"]
[EventCountry "ESP"]
[Source "lmi"]
[SourceDate "2006.01.09"]

1. d4 Nf6 2. Nf3 g6 3. c3 Bg7 4. Bg5 O-O 5. Nbd2 d6 6. e4 h6 7. Bh4 c5 8. d5 e6
9. dxe6 Bxe6 10. Bc4 Re8 11. O-O Nbd7 12. Re1 Qc7 13. Bg3 Nh5 14. Qc2 Nxg3 15.
hxg3 Nf6 16. Rad1 a6 17. a4 Rad8 18. Qb3 Re7 19. Re2 Rde8 1/2-1/2

[Event "31. Abierto Ciudad de Sevilla"]
[Site "Sevilla ESP"]
[Date "2006.01.10"]
[Round "4.7"]
[White "Rizouk, Aimen"]
[Black "Pogorelov, Ruslan"]
[Result "1-0"]
[WhiteElo "2500"]
[BlackElo "2402"]
[PlyCount "73"]
[EventDate "2006.01.07"]
[EventType "swiss"]
[EventRounds "9"]
[EventCountry "ESP"]
[Source "lmi"]
[SourceDate "2006.01.09"]

1. e4 e6 2. d4 d5 3. Nd2 dxe4 4. Nxe4 Nd7 5. Bd3 Ngf6 6. Qe2 c5 7. Nf3 Nxe4 8.
Bxe4 cxd4 9. O-O Qb6 10. Rd1 Bc5 11. Rb1 a5 12. c3 Nf6 13. cxd4 Be7 14. Bg5 h6
15. Bxf6 Bxf6 16. Ne5 O-O 17. Rbc1 Rd8 18. Qh5 Bxe5 19. dxe5 Bd7 20. Rd6 Qb4
21. Qe2 Bb5 22. Qc2 Rxd6 23. exd6 Qxd6 24. Qc8+ Qf8 25. Qxb7 Rb8 26. Qc7 a4 27.
g3 Qd8 28. Qe5 Be8 29. Rc4 Qb6 30. Bc2 Kf8 31. b4 axb3 32. Bxb3 Rd8 33. Rg4 f6
34. Qc3 Bc6 35. Rb4 Rd3 36. Qc4 Qa5 37. Rb8+ 1-0

[Event "31. Abierto Ciudad de Sevilla"]
[Site "Sevilla ESP"]
[Date "2006.01.10"]
[Round "4.8"]
[White "Alonso, Rene"]
[Black "Khamrakulov, Ibragim S"]
[Result "1/2-1/2"]
[WhiteElo "2392"]
[BlackElo "2499"]
[PlyCount "159"]
[EventDate "2006.01.07"]
[EventType "swiss"]
[EventRounds "9"]
[EventCountry "ESP"]
[Source "lmi"]
[SourceDate "2006.01.09"]

1. d4 Nf6 2. c4 g6 3. Nc3 d5 4. Nf3 Bg7 5. cxd5 Nxd5 6. e4 Nxc3 7. bxc3 O-O 8.
Rb1 c5 9. Be2 b6 10. O-O Qc7 11. Bg5 Bb7 12. Qd3 h6 13. Bh4 Ba6 14. Qe3 Bxe2
15. Qxe2 Nc6 16. Bg3 Qc8 17. dxc5 bxc5 18. Qc4 Nd8 19. Rfd1 Nb7 20. h3 Qc6 21.
Qd5 Qxd5 22. exd5 Nd6 23. Re1 Bxc3 24. Rxe7 Nf5 25. Rc7 Ba5 26. Rc6 Nxg3 27.
fxg3 Rad8 28. d6 Rfe8 29. Kh2 Re6 30. Rxc5 Bb6 31. Rd5 Rexd6 32. Rxd6 Rxd6 33.
Rc1 Kg7 34. Rc2 Rd1 35. g4 a5 36. Kg3 g5 37. h4 Be3 38. Re2 Rd3 39. hxg5 hxg5
40. Kh2 a4 41. g3 f6 42. Kg2 Bc5 43. Rc2 Bb6 44. Rb2 Be3 45. Re2 Rc3 46. Ne1
Bb6 47. Rc2 Ra3 48. Nf3 Kf7 49. Nd2 Rd3 50. Nc4 Bc7 51. Ne3 Be5 52. Nf5 a3 53.
Kf2 Rd1 54. Ke2 Rg1 55. Kf3 Ke6 56. Rd2 Rc1 57. Rd3 Bb2 58. Rd6+ Ke5 59. Rd2
Rc5 60. Rd3 Bc1 61. Ke2 Rc4 62. Ne3 Rb4 63. Nc2 Rxg4 64. Nxa3 Ra4 65. Nb5 Rxa2+
66. Kf3 f5 67. g4 f4 68. Nc3 Ra3 69. Ke2 Bb2 70. Nb5 Rxd3 71. Kxd3 Kd5 72. Nc7+
Kd6 73. Nb5+ Kc6 74. Na7+ Kd5 75. Nc8 f3 76. Ne7+ Ke5 77. Ke3 f2 78. Kxf2 Kf4
79. Nd5+ Kxg4 80. Kg2 1/2-1/2

[Event "31. Abierto Ciudad de Sevilla"]
[Site "Sevilla ESP"]
[Date "2006.01.10"]
[Round "4.9"]
[White "Mirzoev, Azer"]
[Black "Vehi Bach, Victor Manuel"]
[Result "1-0"]
[WhiteElo "2498"]
[BlackElo "2385"]
[PlyCount "53"]
[EventDate "2006.01.07"]
[EventType "swiss"]
[EventRounds "9"]
[EventCountry "ESP"]
[Source "lmi"]
[SourceDate "2006.01.09"]

1. d4 Nf6 2. c4 e6 3. Nc3 Bb4 4. e3 O-O 5. Nge2 d5 6. a3 Be7 7. cxd5 exd5 8. g3
c6 9. Bg2 Bf5 10. h3 Bd6 11. g4 Bc8 12. f4 Nbd7 13. O-O Nb6 14. Ng3 a5 15. b3
Ne8 16. Ra2 Nc7 17. Kh1 Bd7 18. e4 dxe4 19. Ncxe4 Be7 20. f5 Nbd5 21. g5 Re8
22. f6 gxf6 23. gxf6 Nxf6 24. Qf3 Ncd5 25. Bg5 Nxe4 26. Qxf7+ Kh8 27. Bxe4 1-0

[Event "31. Abierto Ciudad de Sevilla"]
[Site "Sevilla ESP"]
[Date "2006.01.10"]
[Round "4.10"]
[White "Sanz Alonso, Francisco Javier"]
[Black "Del Rio Angelis, Salvador Gabriel"]
[Result "1/2-1/2"]
[WhiteElo "2385"]
[BlackElo "2497"]
[PlyCount "79"]
[EventDate "2006.01.07"]
[EventType "swiss"]
[EventRounds "9"]
[EventCountry "ESP"]
[Source "lmi"]
[SourceDate "2006.01.09"]

1. e4 e6 2. d4 d5 3. Nc3 Bb4 4. e5 c5 5. a3 Bxc3+ 6. bxc3 Qc7 7. Qg4 f5 8. Qh5+
g6 9. Qd1 Bd7 10. a4 Nc6 11. Nf3 cxd4 12. cxd4 Nb4 13. Bd3 Qc3+ 14. Bd2 Nxd3+
15. cxd3 Qxd3 16. Qe2 Qxe2+ 17. Kxe2 h6 18. h4 Ne7 19. Rhc1 Bc6 20. Ne1 Kd7 21.
Nd3 b6 22. Bb4 Rac8 23. Nf4 Rhg8 24. Ke3 Bb7 25. Rxc8 Nxc8 26. a5 g5 27. Nh5
Kc6 28. Nf6 Rh8 29. axb6 axb6 30. Rh1 gxh4 31. Rxh4 Kb5 32. Bd2 Ne7 33. Kd3 Nc6
34. Rh1 Nb4+ 35. Bxb4 Kxb4 36. Rb1+ Ka5 37. Ra1+ Kb5 38. Rb1+ Ka5 39. Ra1+ Kb5
40. Rb1+ 1/2-1/2

[Event "31. Abierto Ciudad de Sevilla"]
[Site "Sevilla ESP"]
[Date "2006.01.10"]
[Round "4.11"]
[White "Gomez Esteban, Juan Mario"]
[Black "Mellado Triviño, Juan"]
[Result "1-0"]
[WhiteElo "2490"]
[BlackElo "2382"]
[PlyCount "127"]
[EventDate "2006.01.07"]
[EventType "swiss"]
[EventRounds "9"]
[EventCountry "ESP"]
[Source "lmi"]
[SourceDate "2006.01.09"]

1. e4 e5 2. Nf3 Nf6 3. Nxe5 d6 4. Nf3 Nxe4 5. Nc3 Nxc3 6. dxc3 Be7 7. Be3 Nc6
8. Qd2 Ne5 9. Be2 O-O 10. h3 Be6 11. Nd4 Bd7 12. O-O-O c5 13. Nf3 Qa5 14. Kb1
Be6 15. c4 Qxd2 16. Nxd2 d5 17. cxd5 Bxd5 18. Nf3 Bxf3 19. gxf3 Rfd8 20. c3 b6
21. Kc2 Kf8 22. f4 Ng6 23. f5 Nh4 24. Bd3 Rd7 25. Be4 Rad8 26. Rxd7 Rxd7 27.
Bf4 g6 28. fxg6 hxg6 29. Rd1 Rxd1 30. Kxd1 Ke8 31. Kc2 Kd7 32. Kb3 Bd6 33. Bg3
g5 34. Kc4 f5 35. Bxh4 gxh4 36. Bxf5+ Kc7 37. Kd5 Bf4 38. b3 Bd2 39. c4 Be1 40.
f3 Bd2 41. Ke6 Bc1 42. Ke5 Bb2+ 43. Ke6 Bc1 44. Bg4 Bd2 45. Bh5 Be3 46. Be8 Bg5
47. Ke5 Be7 48. f4 Bd6+ 49. Ke4 Kd8 50. Bh5 Ke7 51. f5 Bg3 52. Kd5 Be1 53. Kc6
Kf6 54. Bg4 Bc3 55. Kb7 a5 56. Kxb6 Bb4 57. Kb5 Ke5 58. Ka4 Bc3 59. a3 Kd6 60.
f6 Bxf6 61. Kxa5 Bb2 62. a4 Kc7 63. Bf3 Bf6 64. Kb5 1-0

[Event "31. Abierto Ciudad de Sevilla"]
[Site "Sevilla ESP"]
[Date "2006.01.10"]
[Round "4.12"]
[White "Speck, Nick"]
[Black "Movsziszian, Karen"]
[Result "0-1"]
[WhiteElo "2371"]
[BlackElo "2486"]
[PlyCount "90"]
[EventDate "2006.01.07"]
[EventType "swiss"]
[EventRounds "9"]
[EventCountry "ESP"]
[Source "lmi"]
[SourceDate "2006.01.09"]

1. e4 c5 2. Nf3 d6 3. d4 cxd4 4. Nxd4 Nf6 5. Nc3 a6 6. Bc4 e6 7. Bb3 Nbd7 8. f4
Nc5 9. O-O Qc7 10. Qf3 b5 11. f5 e5 12. Nd5 Nxd5 13. Bxd5 Bb7 14. f6 Bxd5 15.
fxg7 Bxg7 16. Nf5 Nxe4 17. Nxg7+ Kd8 18. Be3 Rg8 19. Rad1 Bc6 20. Qg4 f6 21.
Ne6+ Ke7 22. Qxg8 Qd7 23. Qxh7+ Kxe6 24. Qf5+ Ke7 25. Qh7+ Kd8 26. Qg6 Kc7 27.
Rf3 Rf8 28. Bh6 Qf7 29. Qxf7+ Rxf7 30. Rdf1 Kd7 31. Rh3 f5 32. g4 f4 33. g5 Ke6
34. Ra3 Bb7 35. h4 Kf5 36. Kh2 Rc7 37. Rc1 d5 38. h5 d4 39. g6 Nf2 40. Bf8 d3
41. g7 Bd5 42. c4 Rxc4 43. Rg1 Rc2 44. Rg2 Ng4+ 45. Kh3 Rxg2 0-1

[Event "31. Abierto Ciudad de Sevilla"]
[Site "Sevilla ESP"]
[Date "2006.01.10"]
[Round "4.13"]
[White "Korneev, Oleg"]
[Black "Salgado Lopez, Ivan"]
[Result "1-0"]
[WhiteElo "2649"]
[BlackElo "2366"]
[PlyCount "81"]
[EventDate "2006.01.07"]
[EventType "swiss"]
[EventRounds "9"]
[EventCountry "ESP"]
[Source "lmi"]
[SourceDate "2006.01.09"]

1. e4 c5 2. Nf3 d6 3. d4 cxd4 4. Nxd4 Nf6 5. Nc3 a6 6. Be3 e5 7. Nf3 Be7 8. Bc4
O-O 9. O-O Be6 10. Bb3 Qc7 11. Re1 Re8 12. h3 Nbd7 13. Bg5 b5 14. a3 Rac8 15.
Re2 Qb7 16. Qe1 a5 17. Rd1 b4 18. axb4 Qxb4 19. Nd2 Nc5 20. Bxf6 Bxf6 21. Nd5
Bxd5 22. Bxd5 Ne6 23. c3 Qb5 24. g3 Qxb2 25. Nc4 Qb8 26. Nxa5 Qc7 27. Nc4 Qc5
28. Kg2 Bd8 29. Red2 Bc7 30. Bxe6 fxe6 31. Nxd6 Bxd6 32. Rxd6 Qxc3 33. Qe2 Rb8
34. Qg4 Rf8 35. Rd7 g6 36. Rxh7 Rf6 37. Rh6 Kf7 38. Rd7+ Ke8 39. Qd1 Rf8 40.
Rh8 Rxh8 41. Qd6 1-0

[Event "31. Abierto Ciudad de Sevilla"]
[Site "Sevilla ESP"]
[Date "2006.01.10"]
[Round "4.14"]
[White "Garcia Vicente, Nieves"]
[Black "Lopez Martinez, Josep Manuel"]
[Result "1/2-1/2"]
[WhiteElo "2192"]
[BlackElo "2518"]
[PlyCount "53"]
[EventDate "2006.01.07"]
[EventType "swiss"]
[EventRounds "9"]
[EventCountry "ESP"]
[Source "lmi"]
[SourceDate "2006.01.09"]

1. d4 Nf6 2. c4 d6 3. Nc3 Nbd7 4. e4 e5 5. Nf3 g6 6. Be2 Bg7 7. O-O O-O 8. Be3
Re8 9. Qc2 c6 10. Rad1 Qc7 11. b4 exd4 12. Nxd4 a6 13. h3 c5 14. bxc5 Nxc5 15.
Bf3 Be6 16. Nxe6 Nxe6 17. Nd5 Nxd5 18. Rxd5 Rac8 19. Qb1 Nc5 20. Rc1 b6 21. Qb4
Rb8 22. Qd2 Be5 23. g3 Rbd8 24. Bg2 Bf6 25. Qb4 Rb8 26. Qd2 Rbd8 27. Qb4
1/2-1/2

[Event "31. Abierto Ciudad de Sevilla"]
[Site "Sevilla ESP"]
[Date "2006.01.10"]
[Round "4.15"]
[White "Teran Alvarez, Ismael"]
[Black "Magrini, Fabrizio"]
[Result "1-0"]
[WhiteElo "2446"]
[BlackElo "2108"]
[PlyCount "65"]
[EventDate "2006.01.07"]
[EventType "swiss"]
[EventRounds "9"]
[EventCountry "ESP"]
[Source "lmi"]
[SourceDate "2006.01.09"]

1. d4 Nf6 2. Nf3 g6 3. c4 Bg7 4. Nc3 d6 5. Bf4 O-O 6. e3 Nbd7 7. h3 c6 8. Be2
a6 9. O-O b5 10. a3 Nb6 11. Nd2 Be6 12. b3 bxc4 13. bxc4 c5 14. d5 Nh5 15. Bxh5
Bxc3 16. dxe6 Bxa1 17. Qxa1 gxh5 18. Bh6 f6 19. Bxf8 Qxf8 20. Qb1 Rb8 21. Qf5
Qe8 22. Rb1 Kh8 23. h4 Qg6 24. Qxg6 hxg6 25. a4 a5 26. Rb5 Kg7 27. Nb3 f5 28.
Nxa5 Kf6 29. Nc6 Ra8 30. Rxb6 Rxa4 31. Rb7 Kxe6 32. Nxe7 Rxc4 33. Nxg6 1-0

[Event "31. Abierto Ciudad de Sevilla"]
[Site "Sevilla ESP"]
[Date "2006.01.10"]
[Round "4.16"]
[White "Perez Garcia, Roberto"]
[Black "Durao, Joaquim"]
[Result "1/2-1/2"]
[WhiteElo "2180"]
[BlackElo "2197"]
[PlyCount "63"]
[EventDate "2006.01.07"]
[EventType "swiss"]
[EventRounds "9"]
[EventCountry "ESP"]
[Source "lmi"]
[SourceDate "2006.01.09"]

1. e4 e5 2. Nf3 Nc6 3. d4 exd4 4. Nxd4 Nf6 5. Nxc6 bxc6 6. e5 Qe7 7. Qe2 Nd5 8.
c4 Nb6 9. Nc3 d6 10. exd6 cxd6 11. Bf4 Bg4 12. Qxe7+ Bxe7 13. f3 Be6 14. O-O-O
Rd8 15. b3 O-O 16. a4 a5 17. g4 Rd7 18. Be3 Rb8 19. Be2 Rdb7 20. Kc2 d5 21.
Bxb6 Rxb6 22. cxd5 cxd5 23. Nxd5 Bxd5 24. Rxd5 Rxb3 25. Rb5 Rb4 26. Rxb8+ Rxb8
27. Bb5 Rc8+ 28. Kd3 Bb4 29. h4 h5 30. Ke4 Rc5 31. Rd1 f6 32. Rd5 1/2-1/2

[Event "31. Abierto Ciudad de Sevilla"]
[Site "Sevilla ESP"]
[Date "2006.01.10"]
[Round "4.17"]
[White "Enjuto Velasco, Roberto"]
[Black "Pereira Figueroa, Manuel"]
[Result "1-0"]
[WhiteElo "2196"]
[BlackElo "2113"]
[PlyCount "69"]
[EventDate "2006.01.07"]
[EventType "swiss"]
[EventRounds "9"]
[EventCountry "ESP"]
[Source "lmi"]
[SourceDate "2006.01.09"]

1. e4 c5 2. Nf3 d6 3. d4 cxd4 4. Nxd4 Nf6 5. Nc3 a6 6. Bc4 e6 7. Bb3 b5 8. O-O
Qd7 9. f4 Bb7 10. f5 e5 11. Nde2 h6 12. Ng3 Qd8 13. Be3 Nbd7 14. Nh5 Rc8 15. a4
Rxc3 16. Nxf6+ Nxf6 17. bxc3 Bxe4 18. axb5 axb5 19. c4 Be7 20. cxb5 O-O 21. c4
Qc8 22. Ra7 Bb7 23. Kh1 Rd8 24. Qa1 Nh5 25. Rd1 Bf6 26. c5 Bxg2+ 27. Kxg2 Qxf5
28. Bxf7+ Kh8 29. Bxh5 Qxh5 30. Qa4 e4 31. Rf1 Be5 32. Bg1 e3 33. Ra8 Qg5+ 34.
Kh1 e2 35. Rf8+ 1-0

[Event "31. Abierto Ciudad de Sevilla"]
[Site "Sevilla ESP"]
[Date "2006.01.10"]
[Round "4.18"]
[White "Spraggett, Kevin"]
[Black "Borondo Garcia, Raul"]
[Result "1-0"]
[WhiteElo "2581"]
[BlackElo "2054"]
[PlyCount "51"]
[EventDate "2006.01.07"]
[EventType "swiss"]
[EventRounds "9"]
[EventCountry "ESP"]
[Source "lmi"]
[SourceDate "2006.01.09"]

1. e4 c5 2. Nf3 d6 3. d4 cxd4 4. Nxd4 Nf6 5. Nc3 a6 6. Bg5 e6 7. f4 Be7 8. Qf3
Qc7 9. O-O-O Nc6 10. Nxc6 bxc6 11. e5 Nd5 12. Bxe7 Qxe7 13. Ne4 dxe5 14. fxe5
O-O 15. c4 Rb8 16. cxd5 exd5 17. Nd2 a5 18. a3 g6 19. Qc3 d4 20. Qxd4 Rd8 21.
Qc3 Bf5 22. Bc4 Rb6 23. Nf3 Rdb8 24. Rd2 a4 25. e6 f6 26. Rhd1 1-0

[Event "31. Abierto Ciudad de Sevilla"]
[Site "Sevilla ESP"]
[Date "2006.01.10"]
[Round "4.19"]
[White "Lanzani, Mario"]
[Black "Suarez Fernandez, Enrique Oliver"]
[Result "1-0"]
[WhiteElo "2356"]
[BlackElo "2050"]
[PlyCount "63"]
[EventDate "2006.01.07"]
[EventType "swiss"]
[EventRounds "9"]
[EventCountry "ESP"]
[Source "lmi"]
[SourceDate "2006.01.09"]

1. e4 e6 2. d4 d5 3. Nc3 Bb4 4. e5 c5 5. dxc5 Bxc5 6. Bd3 Nc6 7. Nf3 Nge7 8.
O-O Ng6 9. Qe2 a6 10. Bxg6 hxg6 11. Be3 Be7 12. Rad1 g5 13. h3 Qc7 14. Bxg5
Bxg5 15. Nxg5 Qxe5 16. Qxe5 Nxe5 17. Rfe1 f6 18. f4 Ke7 19. Nxe6 Bxe6 20. Nxd5+
Bxd5 21. Rxd5 Ke6 22. c4 Rad8 23. fxe5 Rxd5 24. cxd5+ Kxd5 25. exf6 gxf6 26.
Re7 b6 27. Rb7 Kc5 28. Rf7 Rd8 29. Rxf6 Rd2 30. Rf2 Rd1+ 31. Kh2 b5 32. h4 1-0

[Event "31. Abierto Ciudad de Sevilla"]
[Site "Sevilla ESP"]
[Date "2006.01.10"]
[Round "4.20"]
[White "Vazquez Tey, Jose A"]
[Black "Garcia Luque, Agustin"]
[Result "0-1"]
[WhiteElo "2057"]
[BlackElo "2355"]
[PlyCount "96"]
[EventDate "2006.01.07"]
[EventType "swiss"]
[EventRounds "9"]
[EventCountry "ESP"]
[Source "lmi"]
[SourceDate "2006.01.09"]

1. d4 Nf6 2. c4 g6 3. Nc3 Bg7 4. e4 d6 5. Nf3 O-O 6. Be2 e5 7. O-O Na6 8. d5
Nc5 9. Qc2 a5 10. Bg5 h6 11. Be3 b6 12. Nd2 Ng4 13. Bxg4 Bxg4 14. f3 Bd7 15. b3
h5 16. a3 Na6 17. Rab1 f5 18. b4 f4 19. Bf2 axb4 20. axb4 g5 21. Kh1 g4 22. Qd1
Qg5 23. Qe1 Bf6 24. Rg1 Kh7 25. Rb3 Rg8 26. Ne2 Nb8 27. Rb2 Ra3 28. Nb3 h4 29.
fxg4 Bxg4 30. h3 Bh5 31. Nd2 Nd7 32. Nc1 Be7 33. Ncb3 Qh6 34. Nf3 Rg3 35. Qe2
Nf6 36. Ra1 Rxa1+ 37. Nxa1 Bxf3 38. gxf3 Nh5 39. Kh2 Qg5 40. Be1 Qg8 41. Qf1
Qa8 42. Bxg3 fxg3+ 43. Kh1 Qa3 44. Rb3 Qa2 45. Qg2 Qxa1+ 46. Qg1 Qa2 47. Rb1
Nf4 48. Rc1 Qe2 0-1